000 00619nam a2200229Ia 4500
005 20250108125020.0
008 008 250107s9999 xx 000 0 eng d
020 _a978-81-937808-2-4
037 _aTB
040 _aCRL
_beng
_cCRL
041 _aeng
_2eng
084 _aNA44,3 R1
084 _qCRL
100 _aNagarkar Kiran Au.
_9608495
245 0 _aCuckold
_cNagarkar Kiran Au.
260 _aNew Delhi, India
_bHarper Collins
_c3011
300 _ax,609p.
365 _aINR
_b449
650 _aENGLISH FICTIONENGLISH LITERATURE
_9729683
942 _cTB
_hNA44,3 R1
999 _c1235399
_d1235399